LEADER 04148nam a2200373Ii 4500 001 991003259239707536 006 m d 007 cr cn||||||||| 008 070806s2003 mau s 000 u eng d 020 $a9781931836975 020 $a1931836973 035 $ab13656612-39ule_inst 037 $a100746:100752$bElsevier Science & Technology$nhttp://www.sciencedirect.com 040 $aOPELS$cOPELS 049 $aTEFA 082 04$a005.8$222 245 00$aCheck Point NG VPN-1/Firewall-1$h[electronic resource] :$badvanced configuration and troubleshooting /$cJim Noble ...[et. a.]. 260 $aRockland, Mass. :$bSyngress,$c2003. 300 $axxxi, 606 p. 520 $aCheck Point Software Technologies is the worldwide leader in securing the Internet. The company's Secure Virtual Network (SVN) architecture provides the infrastructure that enables secure and reliable Internet communications. Check Point recently announced a ground-breaking user interface that meets the industry's next generation Internet security requirements, including simplified security management for increasingly complex environments. Built upon Check Point's Secure Virtual Network (SVN) architecture, the Next Generation User Interface revolutionizes the way security administrators define and manage enterprise security by further integrating management functions into a security dashboard and creating a visual picture of security operations. The Next Generation User Interface delivers unparalleled ease-of-use, improved security and true end-to-end security management. Check Point's revenues have more than doubled in each of the last two years, while capturing over 50% of the VPN market and over 40% of the firewall market according to IDC Research. The explosive growth of the company is further evidenced by over 29,000 IT professionals becoming Check Point Certified so far. This book will be the complimentary to Syngress' best-selling Check Point Next Generation Security Administration, which was a foundation-level guide to installing and configuring Check Point NG. This book will assume that readers have already mastered the basic functions of the product and they now want to master the more advanced security and VPN features of the product. Written by a team of Check Point Certified Instructors (the most prestigious Check Point certification) this book will provide readers with a complete reference book to Check Point NG and advanced case studies that illustrate the most difficult to implement configurations. Although not a Study Guide, this book will cover all of the objectives on Check Point's CCSE Exam. The reader will learn to design and configure a Virtual Private Network (VPN). The reader will learn to configure Check Point NG for High Availability (HA), which is the ability of a system to perform its function continuously (without interruption) for a significantly longer period of time than the reliabilities of its individual components would suggest. The reader will learn to use SeucureUpdate, which allows them to perform simultaneous, secure, enterprise-wide software updates. 533 $aElectronic reproduction.$bAmsterdam :$cElsevier Science & Technology,$d2007.$nMode of access: World Wide Web.$nSystem requirements: Web browser.$nTitle from title screen (viewed on Aug. 2, 2007).$nAccess may be restricted to users at subscribing institutions. 650 0$aComputer security$xComputer programs. 650 0$aFirewalls (Computer security) 650 0$aComputer networks$xSecurity measures$xComputer programs. 655 7$aElectronic books.$2local 700 1 $aNoble, Jim.$eauthor$4http://id.loc.gov/vocabulary/relators/aut$0739086 776 1 $cOriginal$z1931836973$z9781931836975$w(OCoLC)70742413 856 40$3Referex$uhttp://www.sciencedirect.com/science/book/9781931836975$zAn electronic book accessible through the World Wide Web; click for information 907 $a.b13656612$b24-02-22$c24-01-08 912 $a991003259239707536 994 $aC0$bTEF 996 $aCheck Point NG VPN-1$91464041 997 $aUNISALENTO 998 $ale029$b24-01-08$cm$dm $e-$feng$gmau$h0$i0